| 000 | 00697nam a2200229 i 4500 | ||
|---|---|---|---|
| 001 | 16127 | ||
| 003 | ES-MaACL | ||
| 005 | 20260610142458.0 | ||
| 007 | t| | ||
| 008 | 000627s1999 sp ||||1| spa d | ||
| 020 | _a84-7774-600-1 | ||
| 080 | _a821.133.1-4"19" | ||
| 100 | 1 |
_aValéry, Paul, _d1871-1945 _9243197 |
|
| 245 | 1 | 0 |
_aPiezas sobre arte / _cPaul Valéry ; [traducción de José Luis Arántegui]. |
| 260 |
_aMadrid : _bVisor, _c[1999] |
||
| 300 |
_a282 p. ; _c22 cm. |
||
| 490 | 1 |
_aLa balsa de la medusa ; _v100 |
|
| 700 | 1 |
_aArántegui, José Luis. _922327 |
|
| 830 | 0 | 3 |
_aLa balsa de la Medusa _v100 _9178610 |
| 852 |
_aES-MaACL _jL-23316 _bR.128458 |
||
| 999 |
_c16127 _d16127 |
||